Oscars 2023 - Statistiques

Statistiques générales
  • Ce quiz a été pris 122 fois
  • Le résultat moyen est 8 sur 10
Statistiques - réponses
Question Réponse % Correct
Quel film a reçu l'Oscar du meilleur film ? Everything Everywhere All at Once de Daniel Kwan, Daniel Scheinert et Jonathan Wang
96%
Quelle actrice a reçu l'Oscar de la meilleure actrice ? Michelle Yeoh dans Everything Everywhere All at Once
96%
Quel acteur a reçu l'Oscar du meilleur acteur ? Brendan Fraser dans The Whale
93%
Quel acteur a reçu l'Oscar du meilleur acteur dans un second rôle ? Ke Huy Quan dans Everything Everywhere All at Once
93%
Quel réalisateur a reçu l'Oscar de la meilleure réalisaton ? Daniel Kwan et Daniel Scheinert pour Everything Everywhere All at Once
82%
Quel film a reçu l'Oscar du meilleur film international ? À l'Ouest, rien de nouveau d'Edward Berger (Allemagne)
79%
Quel film a reçu l'Oscar du meilleur scénario original ? Everything Everywhere All at Once de Dan Kwan et Daniel Scheinert
79%
Quel film a reçu l'Oscar du meilleur film d'animation ? Pinocchio de Guillermo del Toro
79%
Quelle actrice a reçu l'Oscar de la meilleure actrice dans un second rôle ? Jamie Lee Curtis dans Everything Everywhere All at Once
75%
Quel film a reçu l'Oscar du meilleur scénario adapté ? Women Talking de Sarah Polley
29%
Aucun quiz correspondant
Distribution des résultats
% des personnes avec chaque résultat
Percentile par nombre de réponses
Votre historique - résultats
Vous n’avez pas pris ce quiz